| 000 | 01032nam a2200361 a 4500 | ||
|---|---|---|---|
| 003 | AR-BaBNM | ||
| 005 | 20251128204826.0 | ||
| 008 | 082120s2002 ||||||||||||||000 | spa|| | ||
| 020 | _a950-23-0376-8 | ||
| 040 | _cAR-BaBNM | ||
| 100 | 1 | _aOttonello, María Marta | |
| 245 | 0 | 0 |
_aIntroducción a la arqueología y etnología _bdiez mil años de Historia Argentina |
| 250 | _a1ª ed. | ||
| 260 |
_aBuenos Aires _bEudeba _c1987 |
||
| 300 |
_a210 p. _bláms., il., mapas |
||
| 490 | 0 | _aManuales | |
| 504 | _aBibliografía en p. 195-207 | ||
| 504 | _aBibliografía de ilustraciones en p. 208-210 | ||
| 650 | 4 | _aHISTORIA ARGENTINA | |
| 650 | 4 | _aARQUEOLOGIA | |
| 650 | 4 | _aHISTORIA Y ESTUDIOS CONEXOS | |
| 650 | 4 | _aEXCAVACIONES ARQUEOLOGICAS | |
| 650 | 4 | _aOBJETOS ARQUEOLOGICOS | |
| 650 | 4 | _aAGRICULTURA | |
| 650 | 4 | _aABORIGENES | |
| 650 | 4 | _aETNOLOGIA | |
| 650 | 4 | _aGRUPOS ETNICOS | |
| 650 | 4 | _aCOSTUMBRES Y TRADICIONES | |
| 650 | 4 | _aTRIBUS | |
| 700 | 1 | _aLorandi, Ana María | |
| 942 | _cBK | ||
| 998 | _cGLORIA | ||
| 999 |
_c8964 _d8964 |
||